Financial Skills for Professionals

Detalles Bibliográficos
Autor principal: Krishna, Vern
Formato: eBook
Lenguaje:inglés
Publicado: Toronto: Irwin Law Inc., 2020
Materias:
Acceso en línea:Acceso restringido

MARC

LEADER 00000nam a22000007a 4500
005 20210810211337.0
007 cr|||| ||||
008 210810s2020 ca |||||s|||| 00||0 eng d
020 |a 9781552215609 
035 |a 34981 
040 |a vLex 
090 |c 11956  |d 11956 
100 1 |a Krishna, Vern 
245 1 0 |a Financial Skills for Professionals  |h [Recurso electrn̤ico] /  |c Vern Krishna 
256 |a Servicio en ln̕ea 
260 |a Toronto:  |b Irwin Law Inc.,  |c 2020 
300 |a 1 recurso electrn̤ico 
500 |a It is important for professionals and lawyers in commercial, corporate, family, estate, civil litigation, and criminal practices to understand the rudimentary concepts of accounting and financial law. Professionals often fear financial statements. This book uses clear, concise explanations and simple numerical examples of what lawyers and professional persons need to know to understand financial law and statements. 
506 1 |a Disponible solo en los productos indicados  |d vLex Global  |d vLex Global (Academic Edition, excluding Law Schools)  |d vLex Global (U.S. Academic Edition, Law Schools)  |d vLex Global (U.S. Academic Edition, excluding Law Schools)  |d vLex Global (Academic Edition, Law Schools) 
650 0 4 |a Derecho Mercantil y de la Empresa  |z Canad̀ 
740 0 |a vLex Libros (Servicio en ln̕ea) 
856 4 0 |u https://app.vlex.com/#/sources/34981  |z Acceso restringido 
942 |c BOOK 
999 0 |a Commercial and Company Law